Purificación : (Record no. 5580)
[ view plain ]
| 000 -CABECERA | |
|---|---|
| campo de control de longitud fija | 00788cam a2200217 a 4500 |
| 001 - NÚMERO DE CONTROL | |
| campo de control | 000005784 |
| 005 - FECHA Y HORA DE LA ÚLTIMA TRANSACCIÓN | |
| campo de control | 20200929151802.0 |
| 008 - DATOS DE LONGITUD FIJA--INFORMACIÓN GENERAL | |
| campo de control de longitud fija | 910110s1981 uy 001 0 spa |
| 040 ## - FUENTE DE LA CATALOGACIÓN | |
| Centro catalogador/agencia de origen | DO-SdBNP |
| Lengua de catalogación | spa |
| Centro/agencia transcriptor | BNPHU |
| 082 ## - NÚMERO DE LA CLASIFICACIÓN DECIMAL DEWEY | |
| Número de clasificación | 989.504 |
| Número de documento/Ítem | R291p |
| 100 1# - ENTRADA PRINCIPAL--NOMBRE DE PERSONA | |
| Nombre de persona | Rebella, Juan Antonio, |
| Fechas asociadas al nombre | 1974-2006. |
| 9 (RLIN) | 16364 |
| 245 10 - MENCIÓN DE TÍTULO | |
| Título | Purificación : |
| Resto del título | sede del protectorado de "los pueblos libres" (1815-1818) / |
| Mención de responsabilidad, etc. | Juan Antonio Rebella. |
| 260 ## - PUBLICACIÓN, DISTRIBUCIÓN, ETC. | |
| Lugar de publicación, distribución, etc. | Montevideo, Uruguay : |
| Nombre del editor, distribuidor, etc. | Ministerio de Educación y Cultura, |
| Fecha de publicación, distribución, etc. | 1981. |
| 300 ## - DESCRIPCIÓN FÍSICA | |
| Extensión | 178 p. ; |
| Dimensiones | 19 cm. |
| 490 1# - MENCIÓN DE SERIE | |
| Mención de serie | Biblioteca Artigas ; |
| 490 1# - MENCIÓN DE SERIE | |
| Mención de serie | Clásicos uruguayos ; |
| Designación de volumen o secuencia | 163. |
| 651 #4 - PUNTO DE ACCESO ADICIONAL DE MATERIA--NOMBRE GEOGRÁFICO | |
| Nombre geográfico | Uruguay |
| Subdivisión general | Historia |
| Subdivisión cronológica | 1810-1830. |
| 9 (RLIN) | 16365 |
| 650 #4 - PUNTO DE ACCESO ADICIONAL DE MATERIA--TÉRMINO DE MATERIA | |
| Término de materia o nombre geográfico como elemento de entrada | Purificación |
| Subdivisión geográfica | Uruguay |
| 9 (RLIN) | 16366 |
| 830 #0 - PUNTO DE ACCESO ADICIONAL DE SERIE-TÍTULO UNIFORME | |
| Título uniforme | Biblioteca Artigas ; |
| 9 (RLIN) | 16279 |
| 830 #0 - PUNTO DE ACCESO ADICIONAL DE SERIE-TÍTULO UNIFORME | |
| Título uniforme | Clásicos uruguayos ; |
| Número de parte o sección de la obra | 163 |
| 9 (RLIN) | 16367 |
| Estado de retiro | Estado de pérdida | Restricciones de uso | No para préstamo | Código de colección | Localización permanente | Ubicación/localización actual | Ubicación en estantería | Fecha de adquisición | Número de inventario | Total de préstamos | Signatura topográfica completa | Código de barras | Fecha visto por última vez | Precio válido a partir de | Tipo de ítem Koha |
|---|---|---|---|---|---|---|---|---|---|---|---|---|---|---|---|
| Excluido de préstamo | Monografías: Libros y Folletos | General | General | Depósito | 22.08.2009 | LF1 | 989.504 R291p | 5784-10 | 25.06.2020 | 25.06.2020 | No se presta |
